Регионална библиотека "Любен Каравелов" - Русе

Екологични аспекти на нефтопреработването и потребление на нефтопродукти (Запис номер 104935)

MARC детайли
000 -Лидер
Контролно поле с фиксирана дължина 01591nam a2200361 c 4500
003 - Код на организацията, давaща контролен номер
Контролно поле BLK
005 - Дата и час на последна редакция
Контролно поле 20180422105628.0
008 - Елементи от данни с фиксирана дължина
fixed length control field 180409b bul|||||r ||||||| ||bul||
010 ## - Наследен системен номер
LC control number KNG00110050000
040 ## - Източник на каталожния запис
Идентификатор на билиотеката - собственик на записа BLK
041 ## - Код за език
Код за езика на текст/звукозапис или на отделно заглавие Български
Код за езика КДБФ Български
080 ## - УДК
Текстов определител УДК Нарушаване (разрушаване) на околната среда
УДК код - определител по УДК 504.056
УДК определител :665.6/.7(075.8)
УДК - код + определител 504.056:665.6/.7(075.8)
100 1# - Редна дума - Автор
Автор Минков, Димитър Минков
Авторска отговорност първи автор
R(LIN) 366868
139 ## - Редно поле
Редна дума Минков, Димитър Минков и др.
Авторски знак Минк - М 66
245 10 - Сведения за заглавието
Заглавие Екологични аспекти на нефтопреработването и потребление на нефтопродукти
Редно поле (дума) Димитър Минков Минков; съавт. Петко Стоянов Петков.
257 ## - Страна на издаване
Страна на създаване/издаване България
260 ## - Област на издателските данни
-- Бургас
Име на издателя, разпространителя и проч. Унив. Проф. д-р Асен Златаров
Година на издаване 2002
300 ## - Физическа характеристика
Страници 112 с.
Илюстрации и др. с табл.
Размери/Мащаб 22 см
380 ## - Жанр
Жанр Естествени науки. Математика
500 ## - Общи забележки
Забележка Уч. пособие за студенти
650 #4 - Допълнително описание по предмет – тема
Основно описание – тема или топоним Нефтохимическа промишленост
9 (RLIN) 290943
650 #4 - Допълнително описание по предмет – тема
Основно описание – тема или топоним Околна среда - замърсяване
9 (RLIN) 260338
653 ## - Ключова дума – ненормативна
Ключова дума нефтопреработване
653 ## - Ключова дума – ненормативна
Ключова дума околна среда
653 ## - Ключова дума – ненормативна
Ключова дума замърсяване на околната среда
653 ## - Ключова дума – ненормативна
Ключова дума нефтопродукти
700 1# - Други автори (авторска отговорност)
Лично име Петков, Петко Стоянов
Автороска отговорност (Описва отношението между автора и произведението) съавт.
9 (RLIN) 366869
852 ## - Местоположение
Форматна сигнатура Цб 217405
856 4# - Електронен адрес и достъп
Електронен формат pdf - файл
Път до файла /url/
856 4# - Електронен адрес и достъп
Електронен формат pdf - файл
Път до файла /url/
942 ## - АРТИКУЛИ
Вид на библиотечния материал Книги
Скрит в OPAC Не
944 ## - СЪЗДАВАНЕ И РЕДАКЦИЯ на ЗАПИСА
Създаване/Редакция Създаване
Дата на регистрацията/редакция 09.01.2004
Служител, извършил регистрацията/редакцията Геновева_Генчева
944 ## - СЪЗДАВАНЕ И РЕДАКЦИЯ на ЗАПИСА
Създаване/Редакция Редакция
Дата на регистрацията/редакция 12.02.2004
Служител, извършил регистрацията/редакцията
999 ## - СИСТЕМНИ КОНТРОЛНИ НОМЕРА
Koha biblionumber 104935
Koha biblioitemnumber 104935
Наличности
Код за отписване Код за изгубен артикул Източник на класификационната схема Код за повреда Коз за рестрикции Код за отдаване Артикулен № Име на библиотеката - собственик Име на библиотеката, в която се намира в момента Статус (Текущо местоположение) Дата на вписване в системата Местоположение - отдел Цена в лева Инвентарен номер Систематично азбучна сигнатура Баркод Номер на екземпляра Цена в евро Служебна бележка Служебен тип на артикула
  Не е изгубен Universal Decimal Classification Не е повреден без рестрикции ползва се в читалня 169593 Регионална библиотека "Любен Каравелов" Русе Регионална библиотека "Любен Каравелов" Русе Хранилище 2004-01-09 Хранилище 0.00 120000681604 Цб 217405 120000681604 1 0.00 Дост: Dp Вид: Д N: 3 Дата: 03.01.2003 Книги
Vip Innovations Ltd, Rousse, Bulgaria 2025